000 00568nam a2200193Ia 4500
005 20250508162937.0
008 008 250505s9999 xx 000 0 eng d
037 _aTextual
040 _aFEDL
_beng
_cFEDL
041 _aeng
_2eng
084 _a372.954, RAJ
_qFEDL
100 _aRajput J S
245 0 _aExperience and expectations in elementary education
260 _aDelhi, India
_bAmar Prakashan
_c1994
300 _axvi,228p.
650 _aElementary education - India
_9774475
942 _cTEXL
_h372.954, RAJ
999 _c1379572
_d1379572